000 00587nam a2200241 a 4500
001 nice12345678
003 IN_TiNIC
005 20260116011646.0
008 050524s1964 newa grp 000 0 eng
020 _a
_c3.5
082 0 0 _a234
_bWIL
100 _aWilletts, Alfred
245 _aWhat the New Testament Say About Forgiveness
260 _aNew York
_bAssociation Press
_c1964
300 _a127p
500 _aincludes index and biblioraphy
505 2 _aIndex
650 _aForgiveness
700 1 _aWilletts, Alfred
902 _bSRS
942 _cBK
999 _c3202
_d3202